The old man and the sea / (Record no. 3633)
[ view plain ]
| 000 -LEADER | |
|---|---|
| fixed length control field | 01124nam a22002417a 4500 |
| 001 - CONTROL NUMBER | |
| control field | 3633 |
| 003 - CONTROL NUMBER IDENTIFIER | |
| control field | FISKH |
| 005 - DATE AND TIME OF LATEST TRANSACTION | |
| control field | 20240401132119.0 |
| 008 - FIXED-LENGTH DATA ELEMENTS--GENERAL INFORMATION | |
| fixed length control field | 240401b cb ||||| |||| 00| 0 eng d |
| 040 ## - CATALOGING SOURCE | |
| Original cataloging agency | FISK |
| Language of cataloging | eng |
| Transcribing agency | FISK |
| Modifying agency | FISK |
| 050 ## - LIBRARY OF CONGRESS CALL NUMBER | |
| Classification number | PS3515.E37 |
| 082 ## - DEWEY DECIMAL CLASSIFICATION NUMBER | |
| Classification number | 813.52 |
| 100 ## - MAIN ENTRY--PERSONAL NAME | |
| Personal name | Hemingway Ernest |
| Dates associated with a name | 1899-1961 |
| 245 ## - TITLE STATEMENT | |
| Title | The old man and the sea / |
| Statement of responsibility, etc. | Ernest Hemingway |
| 260 ## - PUBLICATION, DISTRIBUTION, ETC. | |
| Place of publication, distribution, etc. | London : |
| Name of publisher, distributor, etc. | Arcturus Publishing Limited, |
| Date of publication, distribution, etc. | 2019 |
| 300 ## - PHYSICAL DESCRIPTION | |
| Extent | 109 pages : |
| Other physical details | 21 cm |
| 505 ## - FORMATTED CONTENTS NOTE | |
| Formatted contents note | S |
| 520 ## - SUMMARY, ETC. | |
| Summary, etc. | The last novel Ernest Hemingway saw published, The Old Man and the Sea has proved itself to be one of the enduring works of American fiction. It is the story of an old Cuban fisherman and his supreme ordeal: a relentless, agonizing battle with a giant marlin far out in the Gulf Stream. Using the simple, powerful language of a fable, Hemingway takes the timeless themes of courage in the face of defeat and personal triumph won from loss and transforms them into a magnificent twentieth-century classic. |
| 521 8# - TARGET AUDIENCE NOTE | |
| Target audience note | 940 |
| Source | Lexile |
| 700 ## - ADDED ENTRY--PERSONAL NAME | |
| Personal name | Ernest Hemingway |
| 942 ## - ADDED ENTRY ELEMENTS (KOHA) | |
| Source of classification or shelving scheme | Dewey Decimal Classification |
| Koha item type | Books |
| Suppress in OPAC | No |
| Withdrawn status | Lost status | Source of classification or shelving scheme | Damaged status | Not for loan | Collection | Home library | Current library | Shelving location | Date acquired | Total Checkouts | Full call number | Barcode | Date last seen | Copy number | Price effective from | Koha item type |
|---|---|---|---|---|---|---|---|---|---|---|---|---|---|---|---|---|
| Dewey Decimal Classification | Fiction | Footprints International School Library Network Toul Kork Campus | Footprints International School Library Network Toul Kork Campus | TTP Secondary Fiction Bookshelves | 04/01/2024 | HEM PS3515.E37 813.52 | 2024-0427 | 04/01/2024 | 1 | 04/01/2024 | Books |
